| 000 | 00944nam a2200241Ia 4500 | ||
|---|---|---|---|
| 005 | 20220317001241.0 | ||
| 008 | 160825s2000 ck a g 000 0 spa | ||
| 082 | 0 | 4 |
_aR 708.074 _bB15or |
| 110 | 2 |
_aBanco de la República. Riohacha _968256 |
|
| 245 | 1 | 0 |
_aOro y Jade, emblemas de poder en Costa Rica _cBanco de la Republica , Museo del Oro |
| 250 | _a1a. edición | ||
| 300 |
_a91 páginas _bilustraciones _c27 cm |
||
| 610 | 2 |
_aMuseo del Oro (Bogotá) _vExposiciones _vCatálogos _968174 |
|
| 650 | 1 | 4 |
_2LEMB _aArte precolombino _vExposiciones _vCatálogos |
| 650 | 1 | 4 |
_2LEMB _aOrfebrería precolombina _vExposiciones _zCosta Rica |
| 650 | 1 | 4 |
_2LEMB _aIndígenas de Costa Rica _vExposiciones _xArte |
| 942 |
_2ddc _cREF |
||
| 264 |
_aBogotá _bBanco de la República _c[2000] |
||
| 336 |
_atexto _btxt _2rdacontent |
||
| 337 |
_asin mediación _bn _2rdamedia |
||
| 338 |
_avolumen _bnc _2rdacarrier |
||
| 040 |
_aCO-BoRNBP _bspa _erda _cCO-BoRNBP |
||
| 999 |
_c6390 _d6390 |
||